| 000 | 00707nam a22002417a 4500 | ||
|---|---|---|---|
| 008 | 131112b xxu||||| |||| 00| 0 eng d | ||
| 020 | _a81-7488-112-3 | ||
| 024 | _cAvailable | ||
| 037 | _cAvailable | ||
| 040 |
_aMBSTU LIBRARY _dMBSTU LIBRARY |
||
| 082 |
_222 _a574.52638 DIE |
||
| 100 | _aDiwan, A.P. | ||
| 245 | _aEcology of seashare. | ||
| 260 |
_aNew Delhi _bAnmol Publishers Ltd. _c1995 |
||
| 300 |
_a22 cm. _b354 page _f1 _g22 cm. |
||
| 600 | _2Ecology - seashare. | ||
| 650 | _2Ecology - seashare. | ||
| 700 | _aDiwan, A.P. | ||
| 270 |
_aNew Delhi _b New Delhi _dIndia |
||
| 365 |
_b660.00 _d660.00 |
||
| 942 |
_2ddc _cBK |
||
| 999 |
_c826 _d826 |
||